000 00690nam a2200289Ia 4500
005 20260324114358.0
008 008 260324s9999 xx 000 0 eng d
020 _a9781003222309
037 _aEBOOK
040 _aCRL
040 _beng
040 _cCRL
041 _2eng
041 _aeng
084 _qCRL
100 _aEila Goldhahn
_91150538
245 0 _aReflections on Authentic Movement
245 0 _bTheory, Practice and Arts-Led Research
260 _bTaylor and Francis
260 _c2022
365 _a
365 _b220
856 _uhttp://www.taylorfrancis.com/books/9781003222309
942 _cEBOOK
999 _c1740693
_d1740693